Vidas de varones ilustres
Uloženo v:
| Hlavní autor: | |
|---|---|
| Médium: | Kniha |
| Jazyk: | španělština |
| Vydáno: |
París
Garnier Hermanos
1921
|
| Témata: | |
| Tagy: |
Přidat tag
Žádné tagy, Buďte první, kdo vytvoří štítek k tomuto záznamu!
|
MARC
| LEADER | 00000nam a2200000 a 4500 | ||
|---|---|---|---|
| 001 | UCY5853 | ||
| 003 | CL-VaPUC | ||
| 008 | 950512e19210000FR |||||||||||||||||spa|d | ||
| 082 | 0 | 4 | |a 920.02 |b PLU |2 21 |
| 100 | 0 | |a Plutarco |e author |9 319084 | |
| 245 | 1 | 0 | |a Vidas de varones ilustres |
| 300 | |a v | ||
| 942 | |c BK | ||
| 945 | |d 19950512 00:00:00 |a oaravena | ||
| 260 | |a París |b Garnier Hermanos |c 1921 | ||
| 600 | 0 | |a Licurgo de Esparta |d 800 A.C.-730 A.C. |9 335209 | |
| 600 | 0 | 7 | |a NIMA |2 CL-VaPUC |9 335210 |
| 600 | 0 | 7 | |a SOLON |2 CL-VaPUC |9 335211 |
| 600 | 0 | 7 | |a PUBLIO, VALERIO |2 CL-VaPUC |9 335212 |
| 600 | 0 | 7 | |a TEMISTOCLES |2 CL-VaPUC |9 335213 |
| 600 | 0 | 7 | |a FURIO CAMILO |2 CL-VaPUC |9 335214 |
| 600 | 0 | |a Pericles |9 268847 | |
| 600 | 0 | 7 | |a FABIO RULO |2 CL-VaPUC |9 335215 |
| 600 | 0 | 7 | |a ALCIBIADES |2 CL-VaPUC |9 268849 |
| 650 | 0 | |a Historia |9 255047 | |
| 650 | 0 | |a Biografías |9 255210 | |
| 650 | 0 | |a Filósofos |9 269126 | |
| 651 | 0 | |a Roma |9 255106 | |
| 583 | |a last modification |c 19950512 00:00:00 |k Rodrigo Vera | ||
| 999 | |c 233460 |d 233458 | ||
| 952 | |0 0 |1 0 |4 0 |6 920_020000000000000_PLU_1921 |7 0 |8 P |9 239005 |a BIBEDU |b BIBEDU |c BIBEDU_PB |d 2019-11-18 |i 1501178 |o 920.02 PLU 1921 |p 1501178 |r 2024-01-25 |w 2019-11-18 |y BK |k FIL | ||